|
|
|
|
| LEADER |
00000cjm a2200000 a 4500 |
| 001 |
1/108586 |
| 008 |
150911s1986####gr fmz ||||| gre|| |
| 028 |
0 |
2 |
|a SMH 86.003
|b Σείριος
|
| 040 |
|
|
|a GR-MyUa
|b gre
|c GR-MyUa
|e AACR2
|
| 041 |
0 |
|
|d gre
|e gre
|
| 082 |
7 |
|
|a 781.62
|2 (23)
|
| 100 |
1 |
|
|a Δόμνα, Σαμίου,
|d 1928-2012,
|e sngf
|
| 245 |
1 |
0 |
|a Σεργιάνι
|h [ηχογράφηση] =
|c με τη Δόμνα Σαμίου.
|
| 260 |
|
|
|a [Αθήνα] :
|b Σείριος,
|c 1986.
|
| 300 |
|
|
|a 1 δίσκος βινυλίου :
|b αναλογ., 33 1/3 σαλ, στέρεο,
|c 12 ίν.
|
| 500 |
|
|
|a Στη θήκη αναγράφονται πληροφορίες για τα τραγούδια. Υπάρχει ψηφιακό αντίγραφο.
|
| 505 |
8 |
|
|a Πλευρά Α. Σεργιάνι 'ναι στη Σεργιανή -- Ελάτε όλα τα πουλιά -- Θερμιώτικο συρτό -- Αφήνω γεια στη γειτονιά -- Ξένε σα θες να παντρευτείς -- Πλευρά Β. Κατσαντώνης -- Τα κανάρια ,Καρσιλαμάς -- Η αγάπη μου παντρεύεται -- Τα μάτια σου - τα μάτια μου.
|
| 511 |
0 |
|
|a Τραγουδάει η Δόμνα Σαμίου. Παίζουν διάφοροι μουσικοί.
|
| 650 |
|
0 |
|a Sound recordings.
|
| 650 |
|
0 |
|a Audio-visual materials.
|
| 650 |
|
0 |
|a Folk music
|z Greece.
|
| 650 |
|
0 |
|a Folk dance music
|z Greece.
|
| 650 |
|
0 |
|a Folk songs, Greek
|z Greece.
|
| 852 |
|
|
|a INST
|b RHODES
|c AV
|e 20150911
|h 781.62 ΣΑΜ
|p 005400013194
|q 005400013194
|t LP
|y 23
|
| 970 |
|
|
|a Τζαφέρη
|b Ευαγγελία
|